00442 a2200193 4500260001000000630003900010650002600049100002800075260001100103245002700114300000900141650003100150260000900181300001000190100000700200037000900207250001400216020001800230 aParis a33 - Economie.économie politique a3 - SCIENCES SOCIALES aAbaraham-Frois, Gilbert bDalloz aDynamique économique a541p aEconomie : développement c1993 b22 cm lFr a6644 a7ème ed a2-247-01267-1